000 003740000a22001570004500
001 001879
003 MACL
040 _aMACL
090 _c13872
_d13871
100 _aFeuerstein, Georg
245 _aIn Search of The Cradle of Civilization
_cGeorg Feuerstein
260 _aMotilal Banarasidas Publishers,
_c1999
350 _a395
650 _aReligion
942 _k221
_cBook
999 _c13795
_d13795